000 00486nab a2200145Ia 4500
003 ES-SlBCS
005 20210601134619.0
008 140529s2000 xxu||||| |||| 00| 0 spa d
041 _aspa
100 1 _aVaca González, Pedro
_9220372
245 0 0 _aLa globalización: su impacto en Venezuela. Visión desde la ciencia y la tecnología
_c Pedro Vaca González
650 0 4 _aGlobalización-Venezuela
_9220446
773 0 _tAnthropos
_gvol. 21, nº. 41, 2000, págs. 7
_wRev38
942 _cAR
999 _c615306
_d615306